| 000 | 00529nam a22001937a 4500 | ||
|---|---|---|---|
| 005 | 20240814174156.0 | ||
| 008 | s2006 eng d | ||
| 020 | _a0199280037 | ||
| 041 | _aeng | ||
| 100 | 0 | _aBarnard, Catherine | |
| 245 | 1 | 0 | _aEC employment law [3rd] |
| 260 | 3 |
_aOxford : _bOxford University Press, _c2006 |
|
| 300 |
_a798 p. ; _b23 cm. |
||
| 650 | 0 | 4 | _aLabor laws and legislation -- European Union countries |
| 850 | _aNALT | ||
| 942 | _cLB | ||
| 997 | _c000000000049926 | ||
| 999 |
_c49926 _d49926 |
||
| 090 | _aKM11.E86 B37E 2006 | ||
| 998 |
_j25 _k นีลวัสน์ อินทรักษา |
||